<?xml version="1.0" encoding="UTF-8"?>
<record
    xmlns:xsi="http://www.w3.org/2001/XMLSchema-instance"
    xsi:schemaLocation="http://www.loc.gov/MARC21/slim http://www.loc.gov/standards/marcxml/schema/MARC21slim.xsd"
    xmlns="http://www.loc.gov/MARC21/slim">

  <leader>01516nam a22001457a 4500</leader>
  <datafield tag="999" ind1=" " ind2=" ">
    <subfield code="c">533243</subfield>
    <subfield code="d">533243</subfield>
  </datafield>
  <controlfield tag="008">260430b           ||||| |||| 00| 0 eng d</controlfield>
  <datafield tag="100" ind1=" " ind2=" ">
    <subfield code="a">Bagchi, Soumendra Narain and Sharma, Rajeev</subfield>
    <subfield code="9">60362</subfield>
  </datafield>
  <datafield tag="245" ind1=" " ind2=" ">
    <subfield code="a">Rethinking security paradigms in the face of external backlash: A case study in private security</subfield>
  </datafield>
  <datafield tag="260" ind1=" " ind2=" ">
    <subfield code="a">Vikalpa: The Journal for Decision Makers  </subfield>
  </datafield>
  <datafield tag="300" ind1=" " ind2=" ">
    <subfield code="a">51(1), Jan-Mar, 2026: p.25-38</subfield>
  </datafield>
  <datafield tag="520" ind1=" " ind2=" ">
    <subfield code="a">Security of premises, assets and personnel form an essential requirement for commercial organisations. Lack of security impacts beyond the bottom-line, signalling a joint failure of organisation&#x2019;s leadership and public governance, attracting more crime. The overloaded government&#x2019;s police force can hardly dedicate resources to specific businesses. Private security firms, while offering a way out, create legal and socio-political challenges when, in line of duty, they resort to the use of firearms. In this article we research a manufacturing firm whose different security paradigm offers a rare insight into the hitherto relatively unexplored world of industrial security in an Indian context.-Reproduced 


https://journals.sagepub.com/doi/full/10.1177/02560909241292137?_gl=1*v7x4sd*_up*MQ..*_ga*NzUxNjcyODAyLjE3Nzc1
NDAxMjU.*_ga_60R758KFDG*czE3Nzc1NDAxMjUkbzEk
ZzEkd
DE3Nzc1NDAxNDAkajQ1JGwwJGgzNTU2NjEzMjE.</subfield>
  </datafield>
  <datafield tag="650" ind1=" " ind2=" ">
    <subfield code="a">Industrial security, Psychological, Deterrence, Attack dogs, Security paradigm </subfield>
    <subfield code="9">60363</subfield>
  </datafield>
  <datafield tag="773" ind1=" " ind2=" ">
    <subfield code="a">Vikalpa: The Journal for Decision Makers  </subfield>
  </datafield>
  <datafield tag="942" ind1=" " ind2=" ">
    <subfield code="c">AR</subfield>
  </datafield>
  <datafield tag="952" ind1=" " ind2=" ">
    <subfield code="0">0</subfield>
    <subfield code="1">0</subfield>
    <subfield code="2">ddc</subfield>
    <subfield code="4">0</subfield>
    <subfield code="7">0</subfield>
    <subfield code="9">408413</subfield>
    <subfield code="a">IIPA</subfield>
    <subfield code="b">IIPA</subfield>
    <subfield code="d">2026-04-30</subfield>
    <subfield code="h">51(1), Jan-Mar, 2026: p.25-38</subfield>
    <subfield code="p">AR138754</subfield>
    <subfield code="r">2026-04-30</subfield>
    <subfield code="y">AR</subfield>
  </datafield>
</record>
